KOHA-Header-6

Company Law (Record no. 9816)

000 -LEADER
fixed length control field 00245nam a2200109Ia 4500
100 ## - MAIN ENTRY--AUTHOR NAME
Personal name Luqman Baig
245 #0 - TITLE STATEMENT
Title Company Law
260 ## - PUBLICATION, DISTRIBUTION, ETC. (IMPRINT)
Place of publication Karachi
Name of publisher Ghazanfar
Year of publication 1992
300 ## - PHYSICAL DESCRIPTION
Number of Pages 510
942 ## - ADDED ENTRY ELEMENTS (KOHA)
Koha item type Books
Holdings
Withdrawn status Lost status Collection code Permanent Location Current Location Shelving location Date acquired Full call number Accession Number Koha item type
    Law MAJU MAJU Shelf No.A46 2019-09-14 505.75 5798 Law

Powered by Koha